[Event "Olomouc GM 19th"]
[Site "Olomouc"]
[Date "2016.08.19"]
[Round "8"]
[White "Gavrilov, Alexei"]
[Black "Neuman, Petr"]
[Result "1/2-1/2"]
[WhiteElo "2456"]
[BlackElo "2454"]
[PlyCount "96"]
[EventDate "2016.08.13"]
[EventType "tourn"]
[EventRounds "9"]
[EventCountry "CZE"]
[EventCategory "8"]
[SourceTitle "CBM 173 Extra"]
[Source "ChessBase"]
[SourceDate "2016.08.29"]
[SourceVersion "1"]
[SourceVersionDate "2016.08.29"]
[SourceQuality "1"]

1. d4 Nf6 2. c4 g6 3. Nc3 Bg7 4. e4 d6 5. Nf3 0-0 6. Be2 e5 7. 0-0 exd4 8. Nxd4 Re8 9. f3 Nc6 10. Be3 Nh5 11. Qd2 Nxd4 12. Bxd4 Nf4 13. Rfd1 Bxd4+ 14. Qxd4 Nxe2+ 15. Nxe2 b6 16. Nc3 Bb7 17. Nd5 Bxd5 18. cxd5 Qg5 19. Rac1 Re7 20. Qd2 Qe5 21. Rc4 Rd8 22. Qc3 Qxc3 23. Rxc3 a5 24. Kf2 f5 25. exf5 gxf5 26. Rdc1 Rdd7 27. R1c2 Kg7 28. Kg3 Kf6 29. Kf4 h5 30. g3 Re5 31. Rxc7 Rxc7 32. Rxc7 Rxd5 33. Rh7 Kg6 34. Rb7 Rb5 35. Rd7 Rb4+ 36. Ke3 f4+ 37. gxf4 Rxb2 38. Rxd6+ Kf5 39. Rd5+ Kg6 40. Rg5+ Kf7 41. Rxh5 Rxa2 42. Rf5+ Kg7 43. Rg5+ Kf7 44. Rb5 Rxh2 45. Rxb6 a4 46. Ra6 a3 47. Rxa3 Kf6 48. Ra6+ Kf5 1/2-1/2

[Event "Prague Summer op-A 3rd"]
[Site "Prague"]
[Date "2016.08.09"]
[Round "6"]
[White "Thakur, Akash"]
[Black "Gavrilov, Alexei"]
[Result "1/2-1/2"]
[WhiteElo "2316"]
[BlackElo "2456"]
[PlyCount "120"]
[EventDate "2016.08.05"]
[EventType "swiss"]
[EventRounds "9"]
[EventCountry "CZE"]
[SourceTitle "CBM 173 Extra"]
[Source "ChessBase"]
[SourceDate "2016.08.29"]
[SourceVersion "1"]
[SourceVersionDate "2016.08.29"]
[SourceQuality "1"]

1. e4 c6 2. c4 d5 3. exd5 cxd5 4. cxd5 Nf6 5. Qa4+ Nbd7 6. Nc3 g6 7. Bc4 Bg7 8. Nf3 0-0 9. d3 Ne8 10. 0-0 Nd6 11. Re1 a6 12. Qa3 b5 13. Nxb5 axb5 14. Qxa8 bxc4 15. Bg5 f6 16. Bf4 cxd3 17. Nd4 Nb6 18. Qa7 Nxd5 19. Nc6 Qd7 20. Nxe7+ Nxe7 21. Qxd7 Bxd7 22. Rxe7 Rd8 23. Bxd6 Bf8 24. Rxd7 Rxd7 25. Bxf8 Kxf8 26. Kf1 Rc7 27. Rd1 Rc2 28. b4 Rxa2 29. Rxd3 Rb2 30. Rd4 h5 31. h4 Kf7 32. g3 Ke6 33. Kg2 Rb3 34. Rc4 Kd5 35. Rc5+ Kd6 36. Rb5 Ke6 37. Rb8 g5 38. hxg5 fxg5 39. b5 g4 40. b6 Kf6 41. Kf1 Rb2 42. Ke1 Kg7 43. b7 Rb1+ 44. Ke2 Rb3 45. Kd2 Rb1 46. Ke3 Rb4 47. Kd3 Rb1 48. Kc4 Rc1+ 49. Kd5 Rb1 50. Ke5 Rb2 51. Ke4 Re2+ 52. Kd3 Rb2 53. Ke3 Rb4 54. f4 gxf3 55. Kxf3 h4 56. gxh4 Kh7 57. Kg3 Rb1 58. Kf3 Rb2 59. Kg3 Rb1 60. Kf3 Rb2 1/2-1/2

[Event "Prague Summer op-A 3rd"]
[Site "Prague"]
[Date "2016.08.07"]
[Round "3"]
[White "Gavrilov, Alexei"]
[Black "Chudinovskih, Alexander N"]
[Result "1-0"]
[WhiteElo "2456"]
[BlackElo "2258"]
[PlyCount "69"]
[EventDate "2016.08.05"]
[EventType "swiss"]
[EventRounds "9"]
[EventCountry "CZE"]
[SourceTitle "CBM 173 Extra"]
[Source "ChessBase"]
[SourceDate "2016.08.29"]
[SourceVersion "1"]
[SourceVersionDate "2016.08.29"]
[SourceQuality "1"]

1. d4 Nf6 2. c4 e6 3. Nf3 d5 4. Nc3 Be7 5. Bg5 0-0 6. e3 Nbd7 7. cxd5 Nxd5 8. Bxe7 Qxe7 9. Be2 Nxc3 10. bxc3 e5 11. 0-0 c5 12. a4 b6 13. a5 Bb7 14. Qb3 Rab8 15. axb6 axb6 16. d5 e4 17. Nd2 Qe5 18. c4 f5 19. Ra7 Rf6 20. f4 exf3 21. Nxf3 Qe7 22. Qc3 h6 23. Re1 Qd6 24. Bd3 b5 25. cxb5 Bxd5 26. Rd1 Nb6 27. Bxf5 Qf8 28. e4 Bf7 29. Ne5 Rd8 30. Re1 Be8 31. Ng4 Rfd6 32. Qg3 Kh8 33. h3 c4 34. Kh2 Rd3 35. Qh4 1-0

[Event "Prague Summer op-A 3rd"]
[Site "Prague"]
[Date "2016.08.05"]
[Round "1"]
[White "Gavrilov, Alexei"]
[Black "Dehmel, Jens"]
[Result "1-0"]
[WhiteElo "2456"]
[BlackElo "2102"]
[PlyCount "41"]
[EventDate "2016.08.05"]
[EventType "swiss"]
[EventRounds "9"]
[EventCountry "CZE"]
[SourceTitle "CBM 173 Extra"]
[Source "ChessBase"]
[SourceDate "2016.08.29"]
[SourceVersion "1"]
[SourceVersionDate "2016.08.29"]
[SourceQuality "1"]

1. d4 d5 2. c4 c6 3. Nc3 Nf6 4. e3 e6 5. Nf3 Nbd7 6. Qc2 b6 7. Bd3 Bb7 8. 0-0 Be7 9. b3 0-0 10. Bb2 dxc4 11. bxc4 c5 12. d5 exd5 13. Nxd5 Nxd5 14. cxd5 Bxd5 15. Rad1 Bc6 16. Ne5 Qc7 17. Nxc6 Qxc6 18. Bxh7+ Kh8 19. Be4 Qc7 20. Qe2 Kg8 21. Qh5 1-0

[Event "Pardubice Czech op-A 27th"]
[Site "Pardubice"]
[Date "2016.07.26"]
[Round "5"]
[White "Erenberg, Ariel"]
[Black "Gavrilov, Alexei"]
[Result "0-1"]
[WhiteElo "2359"]
[BlackElo "2465"]
[PlyCount "58"]
[EventDate "2016.07.22"]
[EventType "swiss"]
[EventRounds "9"]
[EventCountry "CZE"]
[SourceTitle "CBM 173 Extra"]
[Source "ChessBase"]
[SourceDate "2016.08.29"]
[SourceVersion "1"]
[SourceVersionDate "2016.08.29"]
[SourceQuality "1"]

1. d4 Nf6 2. c4 e6 3. Nf3 d5 4. e3 b6 5. Bd3 Bb7 6. cxd5 exd5 7. 0-0 Bd6 8. a4 0-0 9. b3 Nc6 10. Ba3 Nb4 11. Bxb4 Bxb4 12. Nbd2 c5 13. Rc1 Qe7 14. Ne5 Rac8 15. Qe2 g6 16. Rfd1 Kg7 17. Ba6 Bxd2 18. Rxd2 cxd4 19. Rxc8 Rxc8 20. Bxb7 Rc1+ 21. Rd1 Rxd1+ 22. Qxd1 dxe3 23. Qa1 exf2+ 24. Kxf2 Qxb7 25. Ke3 Qe7 26. Kd3 Qb4 27. Nd7 Qxb3+ 28. Kd2 Qb4+ 29. Kd3 Qe4+ 0-1